Statistics for Primal Scream Discography

Click here to take the quiz!

General Stats

  • This quiz has been taken 8 times
  • The average score is 8 of 20

Answer Stats

TypeYearName% Correct
Album1991Screamadelica
100%
Video Album1992Screamadelica
100%
Album1989Primal Scream
63%
Album1997Vanishing Point
63%
Album2002Evil Heat
50%
Album2000XTRMNTR
50%
Album2008Beautiful Future
38%
Album2016Chaosmosis
38%
EP1992Dixie-Narco
38%
Album1994Give Out But Don't Give Up
38%
Album2006Riot City Blues
38%
Album1987Sonic Flower Groove
38%
Compilation2003Dirty Hits
25%
Remix Album1997Echo Dek
25%
Album2013More Light
25%
Live Album2003Live in Japan
13%
Video Album2011Screamadelica Live
13%
Live Album2011Screamadelica Live
13%
Compilation2004Shoot Speed - More Dirty Hits
13%
Video Album2007Riot City Blues Tour
0%

Score Distribution

Percentile by Number Answered

Percent of People with Each Score

Your Score History

You have not taken this quiz